000 00553nam a2200169Ia 4500
008 100122s9999 xx 000 0 und d
082 _b11578
_a910.4
100 _aजोशी श्रीपाद
245 _aचिनारच्या छायेत
260 _bसुविचार प्रकाशन
_c1962
300 _a173
520 _aमाळयावर
620 _aमाळयावर
630 _aचिनारच्या छायेत
730 _aचिनारच्या छायेत
942 _cBOOK
999 _c402923
_d402920